Statistics for #2 Spyro's Adventure Skylanders (2/3)

Click here to take the quiz!

General Stats

  • This quiz has been taken 10 times
  • The average score is 33 of 37

Answer Stats

HintAnswer% Correct
UndeadCynder
100%
WaterGill Grunt
100%
MagicSpyro
100%
TechTrigger Happy
100%
MagicWrecking Ball
100%
EarthBash
89%
TechBoomer
89%
LifeCamo
89%
UndeadChop Chop
89%
Magic (Variant)Dark Spyro
89%
EarthDino Rang
89%
MagicDouble Trouble
89%
TechDrill sergeant
89%
TechDrobot
89%
FireEruptor
89%
FireFlame Slinger
89%
UndeadGhost Roaster
89%
UndeadHex
89%
FireIgnitor
89%
Earth (Variant)Legendary Bash
89%
Undead (Variant)Legendary Chop Chop
89%
Magic (Variant)Legendary Spyro
89%
Tech (Variant)Legendary Trigger Happy
89%
AirLightning Rod
89%
EarthPrism Break
89%
WaterSlam Bam
89%
AirSonic Boom
89%
LifeStealth Elf
89%
LifeStump Smash
89%
FireSunburn
89%
EarthTerrafin
89%
MagicVoodood
89%
AirWarnado
89%
WaterWhamshell
89%
AirWhirlwind
89%
WaterZap
89%
LifeZook
78%

Score Distribution

Percentile by Number Answered

Percent of People with Each Score

Your Score History

You have not taken this quiz